Industrial, Labour and General Laws

Detalles Bibliográficos
Autor principal: Malhotra, Rohin
Formato: eBook
Lenguaje:inglés
Publicado: Nueva Delhi: Scholars' Press, 2019
Materias:
Acceso en línea:Acceso restringido

MARC

LEADER 00000nam a22000007a 4500
005 20190919133041.0
007 cr|||| ||||
008 190919s2019 in |||||s|||| 00||0 eng d
020 |a 9786138647904 
035 |a 25248 
040 |a vLex 
090 |c 9586  |d 9586 
100 1 |a Malhotra, Rohin 
245 1 0 |a Industrial, Labour and General Laws  |h [Recurso electrn̤ico] /  |c Rohin Malhotra 
256 |a Servicio en ln̕ea 
260 |a Nueva Delhi:  |b Scholars' Press,  |c 2019 
300 |a 1 recurso electrn̤ico 
500 |a The labour laws derive their origin, authority and strength from the provisions of the Constitution of India. The relevance of the dignity of human labour and the need for protecting and safeguarding the interest of labour as human beings has been enshrined. Labour law reforms are an ongoing and continuous process and the Government has been introducing new laws and amending the existing ones in response to the emerging needs of the workers in a constantly dynamic economic environment.The subject of General Laws is inherently complicated and is subjected to constant refinement through new primary legislations, rules and regulations. As the area of industrial, labour and general laws undergoes frequent changes, it becomes necessary for every student to constantly update himself with the various legislative changes made as well as judicial pronouncements rendered from time to time by referring to the Institute’s journal ‘Chartered Secretary’ as well as other law/ professional journals.In the light of above developments, book has been prepared to provide an understanding of certain industrial, labour and general legislations which have direct bearing on the functioning of companies. 
506 1 |a Disponible solo en los productos indicados  |d vLex Global  |d vLex Global (Academic Edition, excluding Law Schools)  |d vLex Global (U.S. Academic Edition, Law Schools)  |d vLex Global (U.S. Academic Edition, excluding Law Schools)  |d vLex Global (Academic Edition, Law Schools) 
650 0 4 |a Derecho Pb︢lico y Administrativo  |z India 
740 0 |a vLex Libros (Servicio en ln̕ea) 
856 4 0 |u http://vlex.com/source/25248  |z Acceso restringido 
942 |c BOOK 
999 0 |a Public and Administrative Law